Questions in Smiths Songs (Answered and Unanswered) - Statistics

General Stats
  • This quiz has been taken 21 times
  • The average score is 12 of 33
Answer Stats
Hint Answer % Correct
Is it wrong to want to live on your own? No, it's not wrong
100%
Does the body rule the mind or does the mind rule the body? I dunno
82%
What difference does it make? It makes none
82%
Is there any point ever having children? Oh, I don't know
71%
Why pamper life's complexity __________ ? when the leather runs smooth on the passenger seat
65%
Fifteen minutes with you? Well... I wouldn't say no
59%
As Rose collects the money in the canister, who comes sliding down the bannister? A vicar in a tutu
47%
Do you have a vacancy for __________ ? a backscrubber
41%
You shut your mouth! How can you say __________ ? I go about things the wrong way
41%
Why is the last mile __________ ? the hardest mile
41%
If you're so very good-looking, why do you sleep alone tonight? Because tonight is just like any other night
35%
I stole and I lied, and why? Because you asked me to
35%
Nature is a language, __________ ? can't you read / can anybody read
35%
Who is rich and who is poor? I cannot say
35%
If they don't believe me now, __________ ? will they ever
35%
Charles, don't you ever crave to appear on the front of the Daily Mail __________ ? dressed in your mother's bridal veil
29%
Did I ever tell you, by the way, __________ ? I never did like your face
29%
Will the world end in the night time? I really don't know
29%
Will the world end in the day time? I really don't know
29%
When you want to live, how do you start, where do you go, __________ ? who do you need to know
29%
A crack on the head is just what you get. Why? Because of who you are / Because of what you are
24%
The sea wants to take me, the knife wants to slit me, __________ ? do you think you can help me
24%
Has the world changed __________ ? or have I changed
24%
How can someone so young __________ ? sing words so sad
24%
Has the Perrier gone straight to my head, or is life sick and cruel instead? Yes (no no no no no no no no no no no no)
24%
How come someone hasn't noticed that I'm dead __________ ? and decided to bury me
18%
What do we get for our trouble and pain? Just a rented room at Whalley Range
18%
When we're in your scholarly room, __________ ? who will swallow whom
18%
This was your life, and if it fails to recoup? Well maybe... You just haven't earned it yet, baby
18%
Is it really so strange? I say no; you say yes, but you will change your mind
12%
How quickly would I die if I __________ ? jumped from the top of the parachutes
12%
Jury, you've heard every word, but before you decide, would you __________ ? look into those mother-me eyes
6%
Every day, you must say: oh how do I feel about __________ ? the past / my shoes
6%
No matching quizzes found
Score Distribution
Percent of People with Each Score
Percentile by Number Answered
Your Score History
You have not taken this quiz